[Event "European Senior Team Championship 2021"]
[Site "Don Giovanni hotel, Vinohradska 2733, Prague, Czech Republic"]
[Date "2021.09.02"]
[Round "4"]
[Board "3"]
[White "Michalek, Jan"]
[Black "Sura, Jaroslav"]
[Result "1-0"]
[WhiteElo "2276"]
[BlackElo "2004"]
[PlyCount "0"]
[EventDate "2021.08.30"]
[EventType "team"]
[EventRounds "9"]
[EventCountry "ECX"]
[WhiteTeam "1960-69"]
[BlackTeam "SK SLAVOJ LITOMERICE"]

1. Nf3 {[%clk 1:30:50]} Nf6 {[%clk 1:30:54]} 2. g3 {[%clk 1:30:56]} g6
{[%clk 1:31:20]} 3. Bg2 {[%clk 1:31:18]} Bg7 {[%clk 1:31:46]} 4. O-O
{[%clk 1:31:07]} O-O {[%clk 1:32:07]} 5. c4 {[%clk 1:31:21]} d6 {[%clk 1:31:37]}
6. d4 {[%clk 1:31:40]} Nc6 {[%clk 1:31:50]} 7. Nc3 {[%clk 1:30:00]} e5
{[%clk 1:30:37]} 8. d5 {[%clk 1:30:07]} Na5 {[%clk 1:29:30]} 9. Nd2
{[%clk 1:21:37]} c5 {[%clk 1:26:20]} 10. dxc6 {[%clk 1:20:11]} Nxc6
{[%clk 1:26:28]} 11. Nde4 {[%clk 1:18:51]} Nxe4 {[%clk 1:24:13]} 12. Nxe4
{[%clk 1:18:21]} Nd4 {[%clk 1:23:37]} 13. e3 {[%clk 1:18:08]} f5 {[%clk 1:22:48]}
14. Nc3 {[%clk 1:13:33]} Nc6 {[%clk 1:21:31]} 15. Qd5+ {[%clk 1:11:32]} Kh8
{[%clk 1:21:25]} 16. Rd1 {[%clk 1:11:41]} Rf6 {[%clk 1:20:08]} 17. b3
{[%clk 0:58:25]} e4 {[%clk 1:08:33]} 18. Ba3 {[%clk 0:52:48]} Be6
{[%clk 1:01:39]} 19. Qb5 {[%clk 0:42:02]} Rf7 {[%clk 0:46:57]} 20. Rxd6
{[%clk 0:28:18]} Qe7 {[%clk 0:32:36]} 21. Rc1 {[%clk 0:28:03]} a6
{[%clk 0:16:56]} 22. Qc5 {[%clk 0:22:20]} Ne5 {[%clk 0:15:01]} 23. Qb6
{[%clk 0:17:53]} Bf8 {[%clk 0:05:08]} 24. Rcd1 {[%clk 0:15:46]} Re8
{[%clk 0:05:08]} 25. Nb1 {[%clk 0:10:22]} Qf6 {[%clk 0:03:14]} 26. Rd8
{[%clk 0:08:33]} Rxd8 {[%clk 0:01:53]} 27. Qxd8 {[%clk 0:07:49]} Nd3
{[%clk 0:00:35]} 28. Rxd3 {[%clk 0:06:14]} exd3 {[%clk 0:30:29]} 29. Qxf6+
{[%clk 0:36:38]} Rxf6 {[%clk 0:30:56]} 30. Bb2 {[%clk 0:37:02]} Bg7
{[%clk 0:31:06]} 31. Bxf6 {[%clk 0:37:15]} Bxf6 32. Bxb7  1-0

[Event "European Senior Team Championship 2021"]
[Site "Don Giovanni hotel, Vinohradska 2733, Prague, Czech Republic"]
[Date "2021.09.02"]
[Round "4"]
[Board "4"]
[White "Vydra, Jaroslav"]
[Black "Priehoda, Vitezslav"]
[Result "0-1"]
[WhiteElo "1568"]
[BlackElo "2269"]
[PlyCount "0"]
[EventDate "2021.08.30"]
[EventType "team"]
[EventRounds "9"]
[EventCountry "ECX"]
[WhiteTeam "SK SLAVOJ LITOMERICE"]
[BlackTeam "1960-69"]

1. Nf3 {[%clk 1:30:59]} c5 {[%clk 1:30:48]} 2. c4 {[%clk 1:30:57]} g6
{[%clk 1:30:55]} 3. g3 {[%clk 1:31:09]} Bg7 {[%clk 1:31:18]} 4. Bg2
{[%clk 1:31:28]} Nc6 {[%clk 1:31:43]} 5. Nc3 {[%clk 1:31:12]} e5 {[%clk 1:31:51]}
6. d3 {[%clk 1:30:33]} Nge7 {[%clk 1:31:33]} 7. O-O {[%clk 1:30:41]} d6
{[%clk 1:31:47]} 8. Rb1 {[%clk 1:24:56]} a6 {[%clk 1:32:04]} 9. a4
{[%clk 1:24:24]} O-O {[%clk 1:30:45]} 10. b3 {[%clk 1:13:58]} Rb8
{[%clk 1:21:18]} 11. Nh4 {[%clk 1:08:21]} h6 {[%clk 1:18:32]} 12. h3
{[%clk 0:59:47]} f5 {[%clk 1:16:01]} 13. Nd5 {[%clk 0:57:18]} g5 {[%clk 1:15:49]}
14. Nxe7+ {[%clk 0:56:06]} Nxe7 {[%clk 1:16:12]} 15. Nf3 {[%clk 0:56:22]} b5
{[%clk 1:08:46]} 16. axb5 {[%clk 0:54:47]} axb5 {[%clk 1:09:15]} 17. Bd2
{[%clk 0:54:49]} Be6 {[%clk 0:59:08]} 18. Qc2 {[%clk 0:52:22]} Qd7
{[%clk 0:57:49]} 19. Nh2 {[%clk 0:48:04]} d5 {[%clk 0:45:52]} 20. cxd5
{[%clk 0:46:21]} Nxd5 {[%clk 0:46:14]} 21. Qxc5 {[%clk 0:44:31]} Rfc8
{[%clk 0:46:25]} 22. Qa3 {[%clk 0:44:18]} Ra8 {[%clk 0:33:06]} 23. Qb2
{[%clk 0:43:42]} e4 {[%clk 0:33:23]} 24. d4 {[%clk 0:44:01]} Qa7 {[%clk 0:16:33]}
25. e3 {[%clk 0:43:43]} Qa2 {[%clk 0:16:50]} 26. Rfc1 {[%clk 0:41:32]} Rxc1+
{[%clk 0:16:46]} 27. Qxc1 {[%clk 0:41:33]} Rc8 {[%clk 0:15:40]} 28. Qb2
{[%clk 0:40:29]} Rc2 {[%clk 0:15:44]} 29. Qxa2 {[%clk 0:40:31]} Rxa2
{[%clk 0:16:13]} 30. Be1 {[%clk 0:38:54]} Bf8 {[%clk 0:06:58]} 31. Bf1
{[%clk 0:37:38]} Bd7 {[%clk 0:07:21]} 32. Bg2 {[%clk 0:36:30]} Nf6
{[%clk 0:04:39]} 33. Bf1 {[%clk 0:35:43]} Kf7 {[%clk 0:03:38]} 34. Bc3
{[%clk 0:31:57]} Nd5 {[%clk 0:03:50]} 35. Be1 {[%clk 0:32:08]} Bd6
{[%clk 0:03:54]} 36. Bg2 {[%clk 0:31:24]} Nf6 {[%clk 0:04:18]} 37. Bf1
{[%clk 0:31:24]} Ke7 {[%clk 0:04:40]} 38. Bg2 {[%clk 0:30:17]} Bc6
{[%clk 0:04:21]} 39. g4 {[%clk 0:28:54]} f4 {[%clk 0:04:41]} 40. exf4
{[%clk 0:29:04]} gxf4 {[%clk 0:04:35]} 41. f3 Kd7 {[%clk 0:27:05]} 42. fxe4
{[%clk 0:55:10]} Rxg2+  0-1

[Event "European Senior Team Championship 2021"]
[Site "Don Giovanni hotel, Vinohradska 2733, Prague, Czech Republic"]
[Date "2021.09.02"]
[Round "4"]
[Board "1"]
[White "Stohl, Igor"]
[Black "Kachiani-Gersinska, Ketino"]
[Result "1/2-1/2"]
[WhiteElo "2462"]
[BlackElo "2318"]
[PlyCount "0"]
[EventDate "2021.08.30"]
[EventType "team"]
[EventRounds "9"]
[EventCountry "ECX"]
[WhiteTeam "SLOVAKIA"]
[BlackTeam "GERMANY 1 WOMEN"]

1. d4 {[%clk 1:30:54]} Nf6 {[%clk 1:30:29]} 2. c4 {[%clk 1:31:07]} g6
{[%clk 1:30:53]} 3. g3 {[%clk 1:31:18]} Bg7 {[%clk 1:30:32]} 4. Bg2
{[%clk 1:31:35]} O-O {[%clk 1:30:44]} 5. Nc3 {[%clk 1:31:51]} c5 {[%clk 1:29:22]}
6. Nf3 {[%clk 1:30:42]} cxd4 {[%clk 1:29:23]} 7. Nxd4 {[%clk 1:31:09]} Nc6
{[%clk 1:27:00]} 8. O-O {[%clk 1:31:10]} Qa5 {[%clk 1:26:20]} 9. Nc2
{[%clk 1:26:28]} d6 {[%clk 1:26:23]} 10. Bd2 {[%clk 1:25:50]} Qh5
{[%clk 1:21:32]}  1/2-1/2

[Event "European Senior Team Championship 2021"]
[Site "Don Giovanni hotel, Vinohradska 2733, Prague, Czech Republic"]
[Date "2021.09.02"]
[Round "4"]
[Board "2"]
[White "Spiel, Marianne"]
[Black "Mrva, Martin"]
[Result "0-1"]
[WhiteElo "1869"]
[BlackElo "2387"]
[PlyCount "0"]
[EventDate "2021.08.30"]
[EventType "team"]
[EventRounds "9"]
[EventCountry "ECX"]
[WhiteTeam "GERMANY 1 WOMEN"]
[BlackTeam "SLOVAKIA"]

1. e4 {[%clk 1:30:57]} d6 {[%clk 1:30:53]} 2. d4 {[%clk 1:31:22]} a6
{[%clk 1:31:18]} 3. c4 {[%clk 1:31:44]} c5 {[%clk 1:24:17]} 4. Nf3
{[%clk 1:29:03]} e6 {[%clk 1:22:42]} 5. Nc3 {[%clk 1:27:26]} Nf6 {[%clk 1:21:45]}
6. dxc5 {[%clk 1:19:08]} Qa5 {[%clk 1:21:57]} 7. Qa4+ {[%clk 1:15:10]} Qxa4
{[%clk 1:21:45]} 8. Nxa4 {[%clk 1:15:33]} Nbd7 {[%clk 1:21:57]} 9. Nb6
{[%clk 1:10:18]} Nxb6 {[%clk 1:20:44]} 10. cxb6 {[%clk 1:10:36]} Nxe4
{[%clk 1:20:54]} 11. Be3 {[%clk 0:59:49]} e5 {[%clk 1:17:38]} 12. Rd1
{[%clk 0:51:08]} f6 {[%clk 1:06:58]} 13. Be2 {[%clk 0:42:06]} a5 {[%clk 1:04:59]}
14. Nd2 {[%clk 0:29:54]} Nc5 {[%clk 1:02:45]} 15. a3 {[%clk 0:15:36]} f5
{[%clk 0:51:12]} 16. Nb1 {[%clk 0:11:04]} Na4 {[%clk 0:34:20]} 17. b3
{[%clk 0:09:34]} f4 {[%clk 0:34:29]} 18. bxa4 {[%clk 0:08:24]} fxe3
{[%clk 0:34:53]} 19. fxe3 {[%clk 0:08:25]} Be7 {[%clk 0:28:31]} 20. Nc3
{[%clk 0:08:22]} O-O {[%clk 0:26:18]} 21. Nd5 {[%clk 0:07:42]} Bg5
{[%clk 0:25:47]} 22. Bf3 {[%clk 0:06:22]} Bf5 {[%clk 0:22:50]} 23. Nc7
{[%clk 0:05:18]} e4 {[%clk 0:19:16]} 24. Be2 {[%clk 0:01:35]} Rac8
{[%clk 0:16:54]} 25. Kd2 {[%clk 0:01:29]} Bd7 {[%clk 0:16:42]} 26. Rhf1
{[%clk 0:00:44]} Bxa4 {[%clk 0:10:49]} 27. Rxf8+ {[%clk 0:00:46]} Rxf8
{[%clk 0:11:12]} 28. Rf1 {[%clk 0:01:05]} Rxf1 {[%clk 0:11:34]} 29. Bxf1
{[%clk 0:01:34]} Kf7 {[%clk 0:11:45]} 30. g3 {[%clk 0:01:14]} Bf6
{[%clk 0:05:37]} 31. Bg2 {[%clk 0:01:03]} Bc6 {[%clk 0:05:45]} 32. Nd5
{[%clk 0:00:55]} Bb2 {[%clk 0:05:44]} 33. Bxe4 {[%clk 0:00:40]} Bxa3
{[%clk 0:06:04]} 34. Nc3 {[%clk 0:00:50]} Bxe4 {[%clk 0:05:08]} 35. Nxe4
{[%clk 0:01:19]} Ke6 {[%clk 0:03:49]} 36. Kc2 {[%clk 0:01:48]} Ke5
{[%clk 0:03:41]} 37. Nc3 {[%clk 0:02:04]} Bc5 {[%clk 0:03:48]} 38. Nd5
{[%clk 0:02:18]} a4 {[%clk 0:03:58]} 39. Kd3 {[%clk 0:02:33]} a3 {[%clk 0:03:44]}
40. Kc3 {[%clk 0:02:59]} Ke4 {[%clk 0:03:24]} 41. Kb3 {[%clk 0:01:38]} Kf3
{[%clk 0:02:29]} 42. Ka2 {[%clk 0:20:20]} Kg2 {[%clk 0:26:12]} 43. Nc3
{[%clk 0:19:11]} Bxe3 {[%clk 0:25:06]} 44. Ne4 {[%clk 0:17:37]} Kxh2
{[%clk 0:23:17]} 45. Nxd6 {[%clk 0:15:57]} Bxb6 {[%clk 0:21:31]} 46. Nxb7
{[%clk 0:16:13]} Kxg3 {[%clk 0:21:49]} 47. Kxa3 {[%clk 0:16:24]} h5
{[%clk 0:21:56]} 48. Kb4 {[%clk 0:15:26]} h4 {[%clk 0:22:14]} 49. Kb5
{[%clk 0:15:06]} Ba7 {[%clk 0:22:18]} 50. Nd6 {[%clk 0:13:13]} Kf4
{[%clk 0:22:00]} 51. c5 {[%clk 0:09:05]} Bxc5 {[%clk 0:22:08]}  0-1

[Event "European Senior Team Championship 2021"]
[Site "Don Giovanni hotel, Vinohradska 2733, Prague, Czech Republic"]
[Date "2021.09.02"]
[Round "4"]
[Board "3"]
[White "Plachetka, Jan"]
[Black "Beltz, Martina"]
[Result "1-0"]
[WhiteElo "2307"]
[BlackElo "1922"]
[PlyCount "0"]
[EventDate "2021.08.30"]
[EventType "team"]
[EventRounds "9"]
[EventCountry "ECX"]
[WhiteTeam "SLOVAKIA"]
[BlackTeam "GERMANY 1 WOMEN"]

1. e4 {[%clk 1:30:36]} c5 {[%clk 1:30:53]} 2. Nf3 {[%clk 1:30:36]} d6
{[%clk 1:30:54]} 3. d4 {[%clk 1:30:52]} cxd4 {[%clk 1:31:20]} 4. Nxd4
{[%clk 1:31:17]} Nf6 {[%clk 1:31:26]} 5. Nc3 {[%clk 1:31:44]} e6 {[%clk 1:30:29]}
6. Bc4 {[%clk 1:28:55]} Qc7 {[%clk 1:26:43]} 7. Bb3 {[%clk 1:26:17]} a6
{[%clk 1:27:10]} 8. O-O {[%clk 1:26:06]} Be7 {[%clk 1:26:41]} 9. f4
{[%clk 1:24:29]} Nc6 {[%clk 1:21:57]} 10. Be3 {[%clk 1:23:08]} Bd7
{[%clk 1:17:54]} 11. f5 {[%clk 1:17:45]} Nxd4 {[%clk 1:13:32]} 12. Bxd4
{[%clk 1:15:44]} O-O {[%clk 1:13:35]} 13. Qd3 {[%clk 1:13:20]} e5
{[%clk 1:00:28]} 14. Be3 {[%clk 1:09:26]} Bc6 {[%clk 0:59:58]} 15. Bg5
{[%clk 1:08:27]} Nxe4 {[%clk 0:41:11]} 16. Bxe7 {[%clk 1:07:10]} Qb6+
{[%clk 0:39:51]} 17. Kh1 {[%clk 1:07:33]} Nf2+ {[%clk 0:40:00]} 18. Rxf2
{[%clk 1:07:57]} Qxf2 {[%clk 0:40:29]} 19. Nd5 {[%clk 1:06:00]} Rfe8
{[%clk 0:36:26]} 20. f6 {[%clk 1:01:47]} Rac8 {[%clk 0:32:32]} 21. Rf1
{[%clk 0:57:51]} e4 {[%clk 0:29:56]} 22. Qd1 {[%clk 0:56:17]} Qh4
{[%clk 0:26:56]} 23. fxg7 {[%clk 0:55:22]} Rxe7 {[%clk 0:26:52]} 24. Rf4
{[%clk 0:40:59]} Qg5 {[%clk 0:26:07]} 25. h4 {[%clk 0:27:58]} Qe5
{[%clk 0:17:12]} 26. Nf6+ {[%clk 0:26:59]} Kxg7 27. Qg4+ Kh6 {[%clk 0:16:45]} 28.
Rf5 {[%clk 0:26:58]}  1-0

[Event "European Senior Team Championship 2021"]
[Site "Don Giovanni hotel, Vinohradska 2733, Prague, Czech Republic"]
[Date "2021.09.02"]
[Round "4"]
[Board "4"]
[White "Birkholz, Olga"]
[Black "Motuz, Karol"]
[Result "0-1"]
[WhiteElo "2018"]
[BlackElo "2323"]
[PlyCount "0"]
[EventDate "2021.08.30"]
[EventType "team"]
[EventRounds "9"]
[EventCountry "ECX"]
[WhiteTeam "GERMANY 1 WOMEN"]
[BlackTeam "SLOVAKIA"]

1. e4 {[%clk 1:30:59]} c5 {[%clk 1:26:41]} 2. Nf3 {[%clk 1:31:00]} g6
{[%clk 1:26:14]} 3. d4 {[%clk 1:31:03]} cxd4 {[%clk 1:26:35]} 4. Nxd4
{[%clk 1:31:31]} Bg7 {[%clk 1:26:34]} 5. Be2 {[%clk 1:31:43]} Nf6
{[%clk 1:26:08]} 6. Bf3 {[%clk 1:26:49]} O-O {[%clk 1:25:36]} 7. O-O
{[%clk 1:26:07]} d6 {[%clk 1:18:22]} 8. c4 {[%clk 1:22:00]} Qb6 {[%clk 1:11:32]}
9. Be3 {[%clk 1:15:10]} Qxb2 {[%clk 1:06:27]} 10. Nd2 {[%clk 1:12:18]} Nc6
{[%clk 1:03:14]} 11. Rb1 {[%clk 1:09:47]} Qa3 {[%clk 1:00:00]} 12. Nxc6
{[%clk 0:42:14]} bxc6 {[%clk 0:59:54]} 13. e5 {[%clk 0:42:43]} dxe5
{[%clk 0:58:21]} 14. Bxc6 {[%clk 0:43:10]} Bf5 {[%clk 0:49:52]} 15. Rb3
{[%clk 0:35:48]} Qxa2 {[%clk 0:49:10]} 16. Bxa8 {[%clk 0:35:56]} Bc2
{[%clk 0:46:59]} 17. Qa1 {[%clk 0:35:25]} Bxb3 {[%clk 0:40:02]} 18. Qxa2
{[%clk 0:34:51]} Bxa2 {[%clk 0:40:31]} 19. Bc6 {[%clk 0:31:26]} Rb8
{[%clk 0:33:59]} 20. Bb5 {[%clk 0:28:29]} a6 {[%clk 0:20:53]} 21. Bxa6
{[%clk 0:27:22]} Ng4 {[%clk 0:19:53]} 22. Bc5 {[%clk 0:16:16]} Rb2
{[%clk 0:19:14]} 23. Rd1 {[%clk 0:15:11]} Bh6 {[%clk 0:17:39]} 24. h3
{[%clk 0:12:45]} Nxf2 {[%clk 0:14:25]} 25. Bxf2 {[%clk 0:10:51]} Bxd2
{[%clk 0:13:40]} 26. Bc5 {[%clk 0:08:13]} Kf8 {[%clk 0:09:19]} 27. Ba3
{[%clk 0:04:58]} Rc2 {[%clk 0:08:55]} 28. c5 {[%clk 0:04:14]} Bd5
{[%clk 0:05:35]} 29. Bf1 {[%clk 0:03:33]} Be3+ {[%clk 0:02:48]} 30. Kh1
{[%clk 0:04:02]} e6 {[%clk 0:02:41]} 31. c6+ {[%clk 0:02:42]} Bc5
{[%clk 0:01:13]} 32. Rxd5 {[%clk 0:00:50]} exd5 {[%clk 0:00:58]} 33. Bd3
{[%clk 0:01:14]} Bxa3 {[%clk 0:00:43]} 34. Bxc2 {[%clk 0:01:28]} Bd6
{[%clk 0:01:04]} 35. Bb3 {[%clk 0:01:41]} d4 {[%clk 0:01:20]} 36. Kg1
{[%clk 0:01:37]} Ke7 {[%clk 0:01:31]} 37. Kf2 {[%clk 0:01:52]} f5
{[%clk 0:01:45]} 38. Ke2 {[%clk 0:02:00]} e4 {[%clk 0:02:03]} 39. Bd5
{[%clk 0:02:00]} Bf4 {[%clk 0:02:06]} 40. Bg8 {[%clk 0:01:20]} d3+
{[%clk 0:02:18]} 41. Kd1 {[%clk 0:01:23]} e3 {[%clk 0:02:28]} 42. c7
{[%clk 0:01:41]} Bxc7 {[%clk 0:02:23]} 43. Bxh7 {[%clk 0:02:09]} Ba5
{[%clk 0:02:19]}  0-1

[Event "European Senior Team Championship 2021"]
[Site "Don Giovanni hotel, Vinohradska 2733, Prague, Czech Republic"]
[Date "2021.09.02"]
[Round "4"]
[Board "1"]
[White "Nemec, Pavel"]
[Black "Svanda, Pavel"]
[Result "1/2-1/2"]
[WhiteElo "2213"]
[BlackElo "2081"]
[PlyCount "0"]
[EventDate "2021.08.30"]
[EventType "team"]
[EventRounds "9"]
[EventCountry "ECX"]
[WhiteTeam "SK BOHEMIA PARDUBICE"]
[BlackTeam "KSS VYSOCINA"]

1. e4 {[%clk 1:30:56]} e5 {[%clk 1:30:48]} 2. Nf3 {[%clk 1:31:19]} Nf6
{[%clk 1:31:10]} 3. Nc3 {[%clk 1:30:57]} Nc6 {[%clk 1:31:10]} 4. Bb5
{[%clk 1:31:03]} Bb4 {[%clk 1:31:14]} 5. d3 {[%clk 1:28:57]} d6 {[%clk 1:30:22]}
6. h3 {[%clk 1:28:42]} O-O {[%clk 1:28:44]} 7. O-O {[%clk 1:27:34]} Bxc3
{[%clk 1:20:58]} 8. bxc3 {[%clk 1:28:02]} Ne7 {[%clk 1:21:09]} 9. c4
{[%clk 1:15:18]} Ng6 {[%clk 1:05:57]} 10. Bg5 {[%clk 1:12:27]} Be6
{[%clk 1:00:55]} 11. Ba4 {[%clk 1:09:29]} h6 {[%clk 1:00:44]} 12. Be3
{[%clk 1:09:47]} c5 {[%clk 0:59:55]} 13. Kh2 {[%clk 1:09:40]} Qc7
{[%clk 0:58:21]} 14. Ng1 {[%clk 1:08:06]} Nh7 {[%clk 0:53:31]} 15. g4
{[%clk 1:06:14]} f6 {[%clk 0:51:40]} 16. Ne2 {[%clk 1:04:08]} Ng5
{[%clk 0:50:13]} 17. f3 {[%clk 0:59:03]} Bf7 {[%clk 0:47:33]} 18. Qd2
{[%clk 0:54:45]} Ne6 {[%clk 0:46:01]} 19. c3 {[%clk 0:53:49]} Kh7
{[%clk 0:46:02]} 20. Bb3 {[%clk 0:51:52]} Rfc8 {[%clk 0:43:09]} 21. Kg3
{[%clk 0:50:41]} Ne7 {[%clk 0:38:40]} 22. h4 {[%clk 0:50:02]} g5 {[%clk 0:38:57]}
23. Rh1 {[%clk 0:50:04]} Kg7 {[%clk 0:39:20]} 24. h5 {[%clk 0:44:21]} Nf4
{[%clk 0:38:47]} 25. Kf2 {[%clk 0:44:06]} Nxe2 {[%clk 0:36:01]}  1/2-1/2

[Event "European Senior Team Championship 2021"]
[Site "Don Giovanni hotel, Vinohradska 2733, Prague, Czech Republic"]
[Date "2021.09.02"]
[Round "4"]
[Board "2"]
[White "Miculka, Petr"]
[Black "Malinovsky, Petr"]
[Result "1/2-1/2"]
[WhiteElo "2081"]
[BlackElo "2076"]
[PlyCount "0"]
[EventDate "2021.08.30"]
[EventType "team"]
[EventRounds "9"]
[EventCountry "ECX"]
[WhiteTeam "KSS VYSOCINA"]
[BlackTeam "SK BOHEMIA PARDUBICE"]

1. e4 {[%clk 1:30:56]} c5 {[%clk 1:30:56]} 2. Nf3 {[%clk 1:30:43]} g6
{[%clk 1:30:53]} 3. c3 {[%clk 1:30:41]} Bg7 {[%clk 1:31:10]} 4. d4
{[%clk 1:28:59]} cxd4 {[%clk 1:31:33]} 5. cxd4 {[%clk 1:29:23]} d5
{[%clk 1:31:58]} 6. Nc3 {[%clk 1:26:18]} dxe4 {[%clk 1:28:44]} 7. Nxe4
{[%clk 1:24:25]} Nd7 {[%clk 1:26:35]} 8. Bc4 {[%clk 1:19:08]} Nh6
{[%clk 1:19:42]} 9. O-O {[%clk 1:15:27]} O-O {[%clk 1:19:48]} 10. Bg5
{[%clk 1:12:45]} Nb6 {[%clk 1:17:59]} 11. Bb3 {[%clk 1:10:11]} Bg4
{[%clk 1:14:39]} 12. Re1 {[%clk 1:08:18]} Nf5 {[%clk 1:11:10]} 13. d5
{[%clk 0:56:57]} h6 {[%clk 1:05:12]} 14. Bf4 {[%clk 0:53:41]} Bxf3
{[%clk 0:58:32]} 15. Qxf3 {[%clk 0:51:19]} Nd4 {[%clk 0:53:16]} 16. Qh3
{[%clk 0:43:28]} Qc8 {[%clk 0:38:03]} 17. Qh4 {[%clk 0:38:31]} Nf5
{[%clk 0:35:32]}  1/2-1/2

[Event "European Senior Team Championship 2021"]
[Site "Don Giovanni hotel, Vinohradska 2733, Prague, Czech Republic"]
[Date "2021.09.02"]
[Round "4"]
[Board "4"]
[White "Kuda, Pavel"]
[Black "Danek, Pavel"]
[Result "0-1"]
[WhiteElo "1444"]
[BlackElo "1870"]
[PlyCount "0"]
[EventDate "2021.08.30"]
[EventType "team"]
[EventRounds "9"]
[EventCountry "ECX"]
[WhiteTeam "KSS VYSOCINA"]
[BlackTeam "SK BOHEMIA PARDUBICE"]

1. d4 {[%clk 1:30:57]} d5 {[%clk 1:30:59]} 2. Bf4 {[%clk 1:31:20]} e6
{[%clk 1:30:57]} 3. e3 {[%clk 1:31:33]} f5 {[%clk 1:31:18]} 4. Nf3
{[%clk 1:30:14]} Nf6 {[%clk 1:31:36]} 5. c3 {[%clk 1:26:26]} c6 {[%clk 1:30:18]}
6. Nbd2 {[%clk 1:22:14]} Be7 {[%clk 1:30:25]} 7. Ne5 {[%clk 1:20:50]} O-O
{[%clk 1:29:08]} 8. Qb3 {[%clk 1:16:20]} Qb6 {[%clk 1:28:25]} 9. a4
{[%clk 1:16:08]} Qxb3 {[%clk 1:23:23]} 10. Nxb3 {[%clk 1:16:24]} Ne4
{[%clk 1:23:45]} 11. f3 {[%clk 1:14:38]} Nf6 {[%clk 1:21:17]} 12. Bd3
{[%clk 1:12:51]} Nbd7 {[%clk 1:13:08]} 13. c4 {[%clk 1:02:42]} Nh5
{[%clk 1:09:38]} 14. O-O-O {[%clk 0:53:32]} Nxf4 {[%clk 1:08:08]} 15. exf4
{[%clk 0:53:46]} Nxe5 {[%clk 1:08:13]} 16. fxe5 {[%clk 0:52:50]} Bd7
{[%clk 1:07:58]} 17. f4 {[%clk 0:48:14]} g5 {[%clk 1:04:02]} 18. g3
{[%clk 0:48:16]} gxf4 {[%clk 1:03:59]} 19. gxf4 {[%clk 0:48:03]} b6
{[%clk 1:00:23]} 20. c5 {[%clk 0:43:19]} Rab8 {[%clk 0:58:28]} 21. Rd2
{[%clk 0:36:29]} Kh8 {[%clk 0:56:51]} 22. Rg1 {[%clk 0:36:36]} Rg8
{[%clk 0:56:49]} 23. Rdg2 {[%clk 0:35:27]} Rxg2 {[%clk 0:56:55]} 24. Rxg2
{[%clk 0:35:47]} bxc5 {[%clk 0:56:01]} 25. Nxc5 {[%clk 0:35:54]} Bxc5
{[%clk 0:55:38]} 26. dxc5 {[%clk 0:36:11]} Rb4 {[%clk 0:55:40]} 27. Be2
{[%clk 0:22:44]} Be8 {[%clk 0:55:10]} 28. Ba6 {[%clk 0:21:20]} Bd7
{[%clk 0:51:01]} 29. Be2 {[%clk 0:21:36]} Be8 {[%clk 0:43:48]} 30. Ba6
{[%clk 0:19:51]} Rxa4 {[%clk 0:39:08]} 31. Bc8 {[%clk 0:19:59]} Bf7
{[%clk 0:37:33]} 32. Bd7 {[%clk 0:14:06]} Ra1+ {[%clk 0:31:19]} 33. Kd2
{[%clk 0:12:48]} Ra5 {[%clk 0:30:05]} 34. Bxc6 {[%clk 0:10:55]} Rxc5
{[%clk 0:30:05]} 35. Bd7 {[%clk 0:08:45]} Rc7 {[%clk 0:30:18]} 36. Ba4
{[%clk 0:05:36]} Rc4 {[%clk 0:30:15]} 37. Bd1 {[%clk 0:05:48]} Rxf4
{[%clk 0:29:54]} 38. Ke3 {[%clk 0:06:05]} Re4+ {[%clk 0:27:55]} 39. Kd3
{[%clk 0:05:30]} Rxe5 {[%clk 0:26:30]} 40. Rg5 {[%clk 0:03:24]} Bg6
{[%clk 0:25:48]} 41. Kd4 {[%clk 0:03:28]} Re4+ {[%clk 0:24:00]}  0-1

[Event "European Senior Team Championship 2021"]
[Site "Don Giovanni hotel, Vinohradska 2733, Prague, Czech Republic"]
[Date "2021.09.02"]
[Round "4"]
[Board "1"]
[White "Hracek, Zbynek"]
[Black "Mazanek, Kamil"]
[Result "1-0"]
[WhiteElo "2565"]
[BlackElo "2070"]
[PlyCount "0"]
[EventDate "2021.08.30"]
[EventType "team"]
[EventRounds "9"]
[EventCountry "ECX"]
[WhiteTeam "CZECH REPUBLIC"]
[BlackTeam "TJ SOKOL UDLICE"]

1. d4 {[%clk 1:30:57]} d5 {[%clk 1:30:32]} 2. Bf4 {[%clk 1:31:21]} Nf6
{[%clk 1:30:34]} 3. e3 {[%clk 1:31:45]} c6 {[%clk 1:29:55]} 4. c4
{[%clk 1:32:03]} e6 {[%clk 1:26:19]} 5. Nc3 {[%clk 1:32:00]} Be7 {[%clk 1:24:22]}
6. Nf3 {[%clk 1:32:16]} O-O {[%clk 1:24:45]} 7. Qc2 {[%clk 1:32:16]} Nbd7
{[%clk 1:23:51]} 8. cxd5 {[%clk 1:28:33]} exd5 {[%clk 1:17:38]} 9. Bd3
{[%clk 1:28:46]} Re8 {[%clk 1:15:47]} 10. h3 {[%clk 1:23:40]} Nf8
{[%clk 1:14:47]} 11. Bh2 {[%clk 1:19:16]} Bd6 {[%clk 1:05:23]} 12. Bxd6
{[%clk 1:16:14]} Qxd6 {[%clk 1:05:49]} 13. O-O-O {[%clk 1:16:31]} b6
{[%clk 0:54:47]} 14. g4 {[%clk 1:15:00]} Bd7 {[%clk 0:50:26]} 15. Ne5
{[%clk 1:03:06]} g6 {[%clk 0:39:21]} 16. Kb1 {[%clk 0:54:06]} Rac8
{[%clk 0:37:45]} 17. g5 {[%clk 0:43:17]} Nh5 {[%clk 0:38:05]} 18. Nxd7
{[%clk 0:43:15]} Nxd7 {[%clk 0:36:21]} 19. Be2 {[%clk 0:43:08]} Ng7
{[%clk 0:36:20]} 20. h4 {[%clk 0:41:57]} Nf8 {[%clk 0:31:33]} 21. Bg4
{[%clk 0:36:41]} Rcd8 {[%clk 0:28:15]} 22. h5 {[%clk 0:34:04]} Qe7
{[%clk 0:28:23]} 23. Rdg1 {[%clk 0:33:09]} Rd6 {[%clk 0:26:41]} 24. Rg3
{[%clk 0:28:15]} Nge6 {[%clk 0:20:50]} 25. f4 {[%clk 0:26:49]} c5
{[%clk 0:18:20]} 26. Qd2 {[%clk 0:23:36]} a6 {[%clk 0:15:49]} 27. Rgh3
{[%clk 0:20:00]} c4 {[%clk 0:10:57]} 28. a3 {[%clk 0:13:49]} b5 {[%clk 0:09:58]}
29. Bf3 {[%clk 0:08:09]} Red8 {[%clk 0:09:53]} 30. Qg2 {[%clk 0:07:01]} Nc7
{[%clk 0:07:51]} 31. hxg6 {[%clk 0:06:23]} fxg6 {[%clk 0:07:24]} 32. e4
{[%clk 0:06:47]} Qg7 {[%clk 0:06:36]} 33. e5 {[%clk 0:02:33]} R6d7
{[%clk 0:06:26]} 34. f5 {[%clk 0:01:46]} gxf5 {[%clk 0:05:55]} 35. Rh6
{[%clk 0:02:04]} Ng6 {[%clk 0:03:36]} 36. Rxh7 {[%clk 0:00:47]} Qxh7
{[%clk 0:03:06]} 37. Rxh7 {[%clk 0:01:16]} Kxh7 {[%clk 0:01:35]} 38. Qh3+
{[%clk 0:01:15]} Kg8 {[%clk 0:01:24]} 39. Qxf5 {[%clk 0:00:51]} Nh4
{[%clk 0:01:17]} 40. Qg4 {[%clk 0:01:18]} Nxf3 {[%clk 0:01:35]} 41. Qxf3
{[%clk 0:01:47]} Rf7 {[%clk 0:29:42]} 42. Qh3 {[%clk 0:23:59]} Re8
{[%clk 0:26:46]} 43. g6 {[%clk 0:21:10]} Rg7 {[%clk 0:25:44]} 44. Qg4
{[%clk 0:20:33]} Rge7 {[%clk 0:20:36]} 45. Ne2 {[%clk 0:20:00]} Ne6
{[%clk 0:16:36]} 46. Ng3 {[%clk 0:20:24]} Nxd4 {[%clk 0:13:34]} 47. Qxd4
{[%clk 0:20:17]} Rxe5 {[%clk 0:14:03]} 48. Qf4 {[%clk 0:20:11]} Re1+
{[%clk 0:13:35]} 49. Ka2 {[%clk 0:20:39]} R1e7 {[%clk 0:08:50]} 50. Nf5
{[%clk 0:21:04]} Rd7 {[%clk 0:07:13]} 51. Qd4 {[%clk 0:21:29]}  1-0